Normal view MARC view
  • Iffat Fatima | Momina Ramzan

Entry Personal Name

Number of records used in: 3

001 - CONTROL NUMBER

  • control field: 5645

003 - CONTROL NUMBER IDENTIFIER

  • control field: NUST

005 - DATE AND TIME OF LATEST TRANSACTION

  • control field: 20171025130623.0

008 - FIXED-LENGTH DATA ELEMENTS

  • fixed length control field: 171025|| aca||aabn | a|a d

040 ## - CATALOGING SOURCE

  • Original cataloging agency: NUST
  • Transcribing agency: NUST

100 ## - HEADING--PERSONAL NAME

  • Personal name: Iffat Fatima | Momina Ramzan

670 ## - SOURCE DATA FOUND

  • Source citation: Work cat.: (NUST): Iffat Fatima | Momina Ramzan, Agripoint: A Mobile platform for agriculture community, 2017
© 2023 Central Library, National University of Sciences and Technology. All Rights Reserved.